[Event "Olimpiade 2014 - Open"]
[Site "Tromsø"]
[Date "14.08.2014"]
[Round "11.33"]
[Board "1"]
[White "Bologan, Viktor"]
[Black "Chumfwa, Stanley"]
[Result "1-0"]
[WhiteTitle "GM"]
[BlackTitle "IM"]
[WhiteElo "2654"]
[BlackElo "2317"]
[WhiteTeam "Moldova"]
[BlackTeam "Zambia"]
[WhiteFideId "13900048"]
[BlackFideId "8700117"]
[EventDate "2014.08.02"]

1. e4 c5 2. Nf3 d6 3. d4 cxd4 4. Nxd4 Nf6 5. Nc3 a6 6. Be3 Ng4 7. Bc1 Nf6 8. Be2
e6 9. Be3 Be7 10. f4 Nc6 11. O-O O-O 12. a4 Qc7 13. Kh1 Re8 14. Nb3 b6 15. Qe1
Bb7 16. Qg3 Rac8 17. Bf3 Nd7 18. Rad1 Rcd8 19. f5 Nce5 20. Nd4 Bf6 21. Bh5 g6
22. fxe6 fxe6 23. Qh3 gxh5 24. Nxe6 Qc4 25. Nxd8 Bxd8 26. Qxh5 Ng6 27. Bd4 Qe6
28. Rd3 Bf6 29. Qd1 Nde5 30. Nd5 Bxd5 31. exd5 Qe7 32. Rb3 Nd7 33. Bxf6 Nxf6 34.
Rxb6 Ne4 35. Rb3 Rf8 36. Rxf8+ Qxf8 37. Qf3 a5 38. Qxf8+ Nxf8 39. Rb5 Nf2+ 40.
Kg1 Nd1 41. Rxa5 Nxb2 42. Ra8 Kf7 43. a5 1-0

[Event "Olimpiade 2014 - Open"]
[Site "Tromsø"]
[Date "14.08.2014"]
[Round "11.33"]
[Board "2"]
[White "Jere, Daniel"]
[Black "Hamitevici, Vladimir"]
[Result "1-0"]
[WhiteTitle "IM"]
[BlackTitle "IM"]
[WhiteElo "2405"]
[BlackElo "2467"]
[WhiteTeam "Zambia"]
[BlackTeam "Moldova"]
[WhiteFideId "8700249"]
[BlackFideId "13902393"]
[EventDate "2014.08.02"]

1. c4 e5 2. g3 Nc6 3. Bg2 f5 4. Nc3 Nf6 5. d3 Bb4 6. Bd2 O-O 7. e3 Bxc3 8. Bxc3
d6 9. Nf3 Qe8 10. O-O f4 11. exf4 exf4 12. Qd2 Ng4 13. Rae1 Qh5 14. d4 Bd7 15.
h3 Nf6 16. d5 Nd8 17. Re7 Bxh3 18. Bxh3 Qxf3 19. Qxf4 Qxf4 20. gxf4 c6 21. dxc6
bxc6 22. Rd1 Rf7 23. Re3 d5 24. Bxf6 Rxf6 25. cxd5 cxd5 26. Bg2 Rb8 27. Bxd5+
Kf8 28. Rde1 Nc6 29. Rc3 Rb6 30. Re4 g6 31. Rce3 Kg7 32. Re6 Rxe6 33. Rxe6 Nb4
34. Re7+ Kh6 35. Bg8 Kh5 36. Rxh7+ Kg4 37. Rxa7 Nd3 38. b3 Nxf4 39. Rd7 g5 40.
Bc4 Kf3 41. a4 Rh6 42. Bf1 Rc6 43. Rd3+ Ke4 44. Re3+ Kd4 45. Bc4 Rh6 46. a5 Kc5
47. a6 Kb6 48. Re7 Rd6 49. Kh2 Rd2 50. Kg3 Ra2 51. Re5 Nh5+ 52. Kg4 Nf6+ 53.
Kxg5 Nd7 54. Re6+ Kc7 55. f4 Nc5 56. Rg6 Ne4+ 57. Kf5 Nd6+ 58. Ke5 Ra5+ 59. Kd4
Ra1 60. Kc5 Ra5+ 61. Kb4 Ra1 62. Bb5 Ra2 63. Ba4 Nc8 64. f5 Rf2 65. Rf6 Ra2 66.
Ka5 Rd2 67. b4 Nd6 68. b5 Rd5 69. Rxd6 Rxd6 70. b6+ Kb8 71. Bb3 1-0

[Event "Olimpiade 2014 - Open"]
[Site "Tromsø"]
[Date "14.08.2014"]
[Round "11.33"]
[Board "3"]
[White "Cerbulenco, Liviu"]
[Black "Phiri, Richmond"]
[Result "1-0"]
[BlackTitle "FM"]
[WhiteElo "2203"]
[BlackElo "2121"]
[WhiteTeam "Moldova"]
[BlackTeam "Zambia"]
[WhiteFideId "13904906"]
[BlackFideId "8700443"]
[EventDate "2014.08.02"]

1. e4 c5 2. Nf3 e6 3. d4 cxd4 4. Nxd4 a6 5. Nc3 b5 6. Bd3 Qb6 7. Nf3 Nc6 8. O-O
Qb8 9. Re1 d6 10. Bf4 Ne5 11. Nxe5 dxe5 12. Be3 Nf6 13. a4 b4 14. Nb1 Bb7 15.
Nd2 Be7 16. f3 O-O 17. a5 Qc7 18. Qe2 Nd7 19. Rec1 Rfc8 20. c3 Qd8 21. Nc4 bxc3
22. bxc3 Bc5 23. Rab1 Rab8 24. Nb6 Nxb6 25. Bxc5 Rxc5 26. Rxb6 Rxa5 27. Rcb1 Rb5
28. R1xb5 axb5 29. Rxb5 Bc6 30. Rxe5 Rb3 31. Rc5 Rxc3 32. Rxc3 Qd4+ 33. Kf1 Qxc3
34. e5 g6 35. Kf2 Qd4+ 36. Qe3 Qh4+ 37. Kg1 Bd5 38. Bf1 Kg7 39. Bd3 Kg8 40. Bf1
Kg7 41. g3 Qb4 42. g4 h6 43. Kf2 Qb3 44. Qf4 Qb6+ 45. Kg2 Qb2+ 46. Kg3 Qb1 47.
Kf2 Qb6+ 48. Kg2 Qb2+ 49. Kg3 Qb1 50. Kg2 Qb2+ 51. Kg3 Qb1 52. Kf2 Qb6+ 53. Qe3
Qxe3+ 54. Kxe3 g5 55. f4 gxf4+ 56. Kxf4 f6 57. h4 Bc4 1-0

[Event "Olimpiade 2014 - Open"]
[Site "Tromsø"]
[Date "14.08.2014"]
[Round "11.33"]
[Board "4"]
[White "Chumfwa, Kelvin"]
[Black "Sanduleac, Vasile"]
[Result "1/2-1/2"]
[WhiteTitle "FM"]
[BlackTitle "GM"]
[WhiteElo "2193"]
[BlackElo "2396"]
[WhiteTeam "Zambia"]
[BlackTeam "Moldova"]
[WhiteFideId "8700435"]
[BlackFideId "13900161"]
[EventDate "2014.08.02"]

1. e4 c6 2. d4 d5 3. Nc3 g6 4. Nf3 Bg7 5. h3 dxe4 6. Nxe4 Bf5 7. Ng3 Be6 8. Be2
Nf6 9. O-O O-O 10. Re1 Bd5 11. c4 Bxf3 12. Bxf3 e6 13. Bg5 Qc7 14. Qd2 Nbd7 15.
Bf4 Qd8 16. Rad1 Re8 17. b4 Nb6 18. Qc2 Qd7 19. Qb3 Rad8 20. a4 a6 21. a5 Nc8
22. Ne2 Nd6 23. Nc3 Nf5 24. Be5 Qe7 25. d5 exd5 26. cxd5 cxd5 27. Nxd5 Nxd5 28.
Bxg7 Qxe1+ 29. Rxe1 Rxe1+ 30. Kh2 Kxg7 31. Bxd5 Re7 32. Qc3+ f6 33. Qc5 Rdd7 34.
Bf3 Nd4 35. Bg4 Ne6 36. Qb6 f5 37. Be2 Ng5 38. Bc4 Ne4 39. f3 Nf6 40. Be6 Rd2
41. Bc4 Red7 42. Qe6 R2d4 43. b5 R4d6 44. Qe5 axb5 45. Bxb5 Rd5 46. Qb2 Re7 47.
f4 h5 48. Bc4 Rc5 49. Qd4 Rxa5 50. Qd8 Re4 51. Qc7+ Kh6 52. Qxa5 Rxc4 53. Qb6
Nh7 54. Kg1 Re4 55. Qxb7 Rxf4 56. Qb8 Re4 57. Qh8 Re7 58. h4 Re4 59. g3 Rg4 60.
Kf2 f4 61. gxf4 Rxf4+ 62. Kg3 Rf8 63. Qe5 Rf6 64. Qe7 Rf5 65. Kh3 Nf8 66. Kh2
Nh7 67. Kh3 Rf8 68. Kg3 Rf6 69. Kg2 Rf5 1/2-1/2

[Event "Olimpiade 2014 - Open"]
[Site "Tromsø"]
[Date "14.08.2014"]
[Round "11.34"]
[Board "1"]
[White "Dias, Paulo"]
[Black "Al Qudaimi, Basheer"]
[Result "1/2-1/2"]
[WhiteTitle "IM"]
[BlackTitle "IM"]
[WhiteElo "2416"]
[BlackElo "2396"]
[WhiteTeam "Portugal"]
[BlackTeam "Yemen"]
[WhiteFideId "1900803"]
[BlackFideId "9400346"]
[EventDate "2014.08.02"]

1. d4 Nf6 2. c4 e6 3. Nc3 Bb4 4. Qc2 d5 5. a3 Bxc3+ 6. Qxc3 Ne4 7. Qc2 c5 8.
dxc5 Nc6 9. e3 Qa5+ 10. Bd2 Qxc5 11. b4 Qe7 12. Nf3 Qf6 13. Rc1 O-O 14. Be2 Rd8
15. Bc3 Nxc3 16. Qxc3 d4 17. exd4 Nxd4 18. Nxd4 Rxd4 19. O-O Bd7 20. Rfd1 Rxd1+
21. Bxd1 Qxc3 22. Rxc3 Rc8 23. f4 Kf8 24. Kf2 Ke7 25. Ke3 Bc6 26. g3 a5 27. Be2
b6 28. bxa5 bxa5 29. Rb3 Kd6 30. Kd4 f6 1/2-1/2

[Event "Olimpiade 2014 - Open"]
[Site "Tromsø"]
[Date "14.08.2014"]
[Round "11.34"]
[Board "2"]
[White "Al Badani, Abdu"]
[Black "Ferreira, Jorge Viterbo"]
[Result "0-1"]
[WhiteTitle "FM"]
[BlackTitle "IM"]
[WhiteElo "2180"]
[BlackElo "2413"]
[WhiteTeam "Yemen"]
[BlackTeam "Portugal"]
[WhiteFideId "9400176"]
[BlackFideId "1910850"]
[EventDate "2014.08.02"]

1. e4 g6 2. Bc4 Bg7 3. Nf3 e6 4. Nc3 Ne7 5. O-O d5 6. exd5 exd5 7. Bb3 O-O 8. d4
Nbc6 9. Bg5 h6 10. Bh4 g5 11. Bg3 Bg4 12. Nb5 a6 13. Na3 Nxd4 14. c3 Bxf3 15.
gxf3 Nxb3 16. Qxb3 b5 17. Rad1 c6 18. Nc2 f5 19. f4 Ng6 20. Nb4 gxf4 21. Nxc6
Qf6 22. Rxd5 Kh8 23. Nd4 fxg3 24. fxg3 f4 25. gxf4 Nxf4 26. Kh1 Qg6 0-1

[Event "Olimpiade 2014 - Open"]
[Site "Tromsø"]
[Date "14.08.2014"]
[Round "11.34"]
[Board "3"]
[White "Rocha, Sergio"]
[Black "Al-Hadarani, Hatim"]
[Result "1-0"]
[WhiteTitle "IM"]
[BlackTitle "FM"]
[WhiteElo "2392"]
[BlackElo "2254"]
[WhiteTeam "Portugal"]
[BlackTeam "Yemen"]
[WhiteFideId "1900404"]
[BlackFideId "9400273"]
[EventDate "2014.08.02"]

1. Nf3 Nf6 2. c4 d6 3. d4 Nbd7 4. Nc3 e5 5. Bg5 Be7 6. e3 c6 7. Qc2 Qc7 8. Be2
a5 9. Rc1 Nf8 10. Bh4 Ng6 11. Bg3 Nh5 12. Nd2 Nxg3 13. hxg3 f5 14. d5 c5 15. g4
O-O 16. gxf5 Bxf5 17. Bd3 Qd7 18. Bxf5 Rxf5 19. Qe4 Rg5 20. g3 Rf8 21. Qg2 Rgf5
22. Nde4 h6 23. Qh3 Qd8 24. a4 Nh8 25. Rc2 Qe8 26. g4 Rf3 27. Qh5 Qd8 28. Rh3
Rxh3 29. Qxh3 Qe8 30. Ng3 Nf7 31. Qh5 Kh7 32. Nge4 g6 33. Qh1 Kg7 34. Re2 Qd7
35. Qg2 Bh4 36. Nb5 Qe7 37. Kd1 Qd8 38. Kc2 Be7 39. Kb3 Ng5 40. Nxg5 Bxg5 41.
Qe4 Qf6 42. Nc7 Rf7 43. Ne8+ 1-0

[Event "Olimpiade 2014 - Open"]
[Site "Tromsø"]
[Date "14.08.2014"]
[Round "11.34"]
[Board "4"]
[White "Al-Aqrabi, Saleh"]
[Black "Rego, Pedro Filipe"]
[Result "0-1"]
[WhiteElo "2139"]
[BlackElo "2273"]
[WhiteTeam "Yemen"]
[BlackTeam "Portugal"]
[WhiteFideId "9400338"]
[BlackFideId "1904310"]
[EventDate "2014.08.02"]

1. d4 Nf6 2. c4 e6 3. Nc3 Bb4 4. Qc2 O-O 5. Bg5 b6 6. a3 Bxc3+ 7. bxc3 d6 8. Nf3
Nbd7 9. e3 Qe7 10. Bd3 h6 11. Bh4 e5 12. Nd2 Bb7 13. O-O Rfe8 14. a4 e4 15. Be2
a5 16. Rae1 Nf8 17. Bxf6 Qxf6 18. f3 exf3 19. Bxf3 Bxf3 20. Rxf3 Qg6 21. e4 Re7
22. Ref1 Rae8 23. Qd1 Qh5 24. Qe1 Nd7 25. Rh3 Qg6 26. Rg3 Qh5 27. Qf2 Re6 28.
Qf3 Qxf3 29. gxf3 f5 30. Rf2 Nf6 31. Rfg2 Nh5 32. d5 R6e7 33. exf5 Re1+ 34. Nf1
Nxg3 35. hxg3 Ra1 36. Rf2 Rxa4 37. Rc2 Rxc4 38. Kf2 Rc5 39. c4 b5 40. Ne3 bxc4
41. g4 a4 42. f4 a3 43. Kf3 c3 44. Ra2 Rxe3+ 45. Kxe3 c2 0-1

[Event "Olimpiade 2014 - Open"]
[Site "Tromsø"]
[Date "14.08.2014"]
[Round "11.35"]
[Board "1"]
[White "Kelires, Andreas"]
[Black "Zhang, Zhong"]
[Result "1/2-1/2"]
[BlackTitle "GM"]
[WhiteElo "2216"]
[BlackElo "2611"]
[WhiteTeam "Cyprus"]
[BlackTeam "Singapore"]
[WhiteFideId "5900727"]
[BlackFideId "8600694"]
[EventDate "2014.08.02"]

1. d4 Nf6 2. c4 e6 3. g3 c5 4. Nf3 cxd4 5. Nxd4 d5 6. Bg2 e5 7. Nb3 d4 8. O-O
Nc6 9. f4 e4 10. f5 g6 11. Na3 Bxf5 12. Nb5 Be7 13. N5xd4 Nxd4 14. Nxd4 Bc5 15.
Be3 Qc7 16. Nxf5 gxf5 17. Qa4+ Ke7 18. Bxc5+ Qxc5+ 19. Kh1 Ng4 20. Qb3 b6 21.
Qc3 Rad8 22. Rf4 Rhg8 23. Bh3 Nf2+ 24. Kg2 Nd1 25. Qa3 Qxa3 26. bxa3 Rg5 27. Rc1
Kf6 28. c5 bxc5 29. Rxc5 Ne3+ 30. Kg1 h5 31. Ra5 Rd2 32. Kf2 Nd5 33. Ke1 Rd4 34.
Ra6+ Ke5 35. Ra5 e3 36. Rxd4 Kxd4 37. Bg2 Nc3 38. Kf1 f6 39. Rxa7 Nb1 40. Rd7+
Kc5 41. Rd3 Nd2+ 42. Kg1 Nc4 43. Rd5+ Kb6 44. a4 Ne5 45. Rd6+ Ka5 46. Rxf6 Ng6
47. Bh3 Nf4 48. Rxf5+ Rxf5 49. Bxf5 Nxe2+ 50. Kf1 Nd4 51. Bg6 Kxa4 52. Bxh5 Ka3
53. g4 Kxa2 54. g5 Kb3 55. g6 Nf5 56. Ke2 Kc4 57. Bg4 Ne7 58. h4 Nxg6 59. h5
Nf4+ 60. Kxe3 Nxh5 1/2-1/2

[Event "Olimpiade 2014 - Open"]
[Site "Tromsø"]
[Date "14.08.2014"]
[Round "11.35"]
[Board "2"]
[White "Goh, Wei Ming Kevin"]
[Black "Constantinou, Pavlos"]
[Result "1/2-1/2"]
[WhiteTitle "IM"]
[WhiteElo "2433"]
[BlackElo "2106"]
[WhiteTeam "Singapore"]
[BlackTeam "Cyprus"]
[WhiteFideId "5800706"]
[BlackFideId "5900328"]
[EventDate "2014.08.02"]

1. e4 c5 2. Nf3 Nc6 3. Bb5 g6 4. O-O Bg7 5. Nc3 e5 6. Bxc6 dxc6 7. d3 Bg4 8. Be3
b6 9. h3 Bxf3 10. Qxf3 Nf6 11. Qe2 Nh5 12. g3 O-O 13. a3 Qe8 14. b4 cxb4 15.
axb4 f5 16. Bd2 f4 17. Qe1 fxg3 18. fxg3 Rxf1+ 19. Kxf1 Qf8+ 20. Kg2 Qxb4 21.
Na4 Qf8 22. Qe3 b5 23. Nc5 Nf4+ 24. Kh2 Qe7 25. Ra6 Ne6 26. Nxe6 Qxe6 27. Rxa7
Rxa7 28. Qxa7 Qf7 29. Qg1 Qf3 30. Qe1 Bf8 31. Be3 Bb4 32. Qf2 Qxf2+ 33. Bxf2 Kf7
34. Kg2 Ke6 35. Kf3 Be7 36. Ke2 Bg5 37. c3 Be7 38. Kd1 c5 39. c4 b4 40. Kc2 1/2-1/2

[Event "Olimpiade 2014 - Open"]
[Site "Tromsø"]
[Date "14.08.2014"]
[Round "11.35"]
[Board "3"]
[White "Aristotelous, Vassilis"]
[Black "Gong, Qianyun"]
[Result "0-1"]
[BlackTitle "WIM"]
[WhiteElo "1946"]
[BlackElo "2328"]
[WhiteTeam "Cyprus"]
[BlackTeam "Singapore"]
[WhiteFideId "5900468"]
[BlackFideId "8602425"]
[EventDate "2014.08.02"]

1. e4 e6 2. d4 d5 3. Nc3 Nc6 4. e5 Nge7 5. Nf3 Nf5 6. Be3 Be7 7. Be2 O-O 8. Qd2
Nxe3 9. fxe3 a6 10. O-O b5 11. Rad1 Bb7 12. a3 Nb8 13. b4 Nd7 14. Qe1 f6 15.
exf6 Bxf6 16. Qg3 c5 17. Qd6 Re8 18. bxc5 Nxc5 19. Qg3 Qa5 20. Nd2 Nd7 21. Ncb1
Rac8 22. Bd3 Qc7 23. Qg4 e5 24. Bf5 Rcd8 25. Qg3 Qd6 26. Nb3 Nf8 27. Nc5 Bc8 28.
Bxc8 Rxc8 29. Nd2 Qe7 30. Qf3 exd4 31. Qxd5+ Kh8 32. Nce4 dxe3 33. Nd6 Qe6 34.
N2e4 e2 35. Nf7+ Kg8 36. Nh6+ gxh6 37. Nxf6+ Kh8 38. Qd3 exd1=Q 39. Qxd1 Rcd8
40. Qa1 Qe5 41. Qa2 Qd4+ 0-1

[Event "Olimpiade 2014 - Open"]
[Site "Tromsø"]
[Date "14.08.2014"]
[Round "11.35"]
[Board "4"]
[White "Tin, Jingyao"]
[Black "Antoniou, Antonis"]
[Result "1-0"]
[WhiteTitle "FM"]
[BlackTitle "FM"]
[WhiteElo "2251"]
[BlackElo "2188"]
[WhiteTeam "Singapore"]
[BlackTeam "Cyprus"]
[WhiteFideId "5804418"]
[BlackFideId "5900123"]
[EventDate "2014.08.02"]

1. d4 Nf6 2. c4 e6 3. Nc3 Bb4 4. Qc2 O-O 5. a3 Bxc3+ 6. Qxc3 Qe8 7. g3 d6 8. Bg2
e5 9. dxe5 Qxe5 10. Qxe5 dxe5 11. b4 Re8 12. Bb2 a6 13. h3 Nbd7 14. e3 e4 15.
Ne2 Ne5 16. Bxe5 Rxe5 17. O-O Be6 18. Rfc1 Rd8 19. Nd4 Bc8 20. Bf1 Nd7 21. c5
Nf8 22. Rd1 Ree8 23. Bg2 f5 24. Bf1 Kf7 25. Bc4+ Kf6 26. b5 axb5 27. Nxb5 Be6
28. Be2 Rxd1+ 29. Rxd1 Rc8 30. g4 Nd7 31. gxf5 Bxf5 32. Nd4 Ne5 33. Nxf5 Kxf5
34. Bg4+ Nxg4 35. hxg4+ Kxg4 36. Rd7 h5 37. Rxg7+ Kf3 38. Kf1 h4 39. Rf7+ Kg4
40. Kg2 h3+ 41. Kh2 Re8 42. Rf4+ Kg5 43. Kxh3 Re5 44. Kg3 Rxc5 45. Rxe4 Rc1 46.
f4+ Kf6 47. Rb4 b6 48. Kf3 Ke6 49. Re4+ Kd5 50. Re5+ Kc4 51. f5 c5 52. Ke4 Rf1
53. Re6 b5 54. Rc6 Ra1 55. f6 Rxa3 56. f7 Ra8 57. Kf5 b4 58. e4 b3 59. Rb6 Ra1
60. e5 b2 1-0

[Event "Olimpiade 2014 - Open"]
[Site "Tromsø"]
[Date "14.08.2014"]
[Round "11.36"]
[Board "1"]
[White "Amonatov, Farrukh"]
[Black "Salem, A.R. Saleh"]
[Result "1-0"]
[WhiteTitle "GM"]
[BlackTitle "GM"]
[WhiteElo "2590"]
[BlackElo "2591"]
[WhiteTeam "Tajikistan"]
[BlackTeam "United Arab Emirates"]
[WhiteFideId "14700077"]
[BlackFideId "9301348"]
[EventDate "2014.08.02"]

1. e4 c5 2. Nf3 d6 3. d4 cxd4 4. Nxd4 Nf6 5. Nc3 a6 6. Be3 Ng4 7. Bc1 Nf6 8. Bc4
e6 9. Bb3 Nbd7 10. Bg5 Qa5 11. Qd2 h6 12. Bxf6 Nxf6 13. O-O-O Be7 14. f4 Nd7 15.
Kb1 Nc5 16. g4 Bd7 17. h4 b5 18. Qg2 b4 19. e5 Rc8 20. exd6 bxc3 21. dxe7 Nxb3
22. axb3 Kxe7 23. bxc3 Qxc3 24. Rh3 Qc5 25. Rhd3 Rhd8 26. Qd2 Qc7 27. g5 hxg5
28. hxg5 a5 29. f5 exf5 30. Qe2+ Be6 31. Nxf5+ Kf8 32. Rh1 Kg8 33. Rdh3 Rd1+ 34.
Qxd1 1-0

[Event "Olimpiade 2014 - Open"]
[Site "Tromsø"]
[Date "14.08.2014"]
[Round "11.36"]
[Board "2"]
[White "Omar, Noaman"]
[Black "Khusenkhojaev, Muhammad"]
[Result "1/2-1/2"]
[WhiteTitle "IM"]
[BlackTitle "IM"]
[WhiteElo "2350"]
[BlackElo "2410"]
[WhiteTeam "United Arab Emirates"]
[BlackTeam "Tajikistan"]
[WhiteFideId "9300244"]
[BlackFideId "14700247"]
[EventDate "2014.08.02"]

1. d4 Nf6 2. c4 g6 3. Nc3 d5 4. Nf3 Bg7 5. Qb3 dxc4 6. Qxc4 O-O 7. e4 Na6 8. Be2
c5 9. d5 e6 10. Bg5 Qa5 11. O-O exd5 12. exd5 Qb4 13. a3 Qxc4 14. Bxc4 h6 15.
Bh4 Bf5 16. d6 Rad8 17. Rad1 Nb8 18. Nd5 Nxd5 19. Bxd8 Rxd8 20. Bxd5 Bxb2 21. g4
Bxg4 22. Rb1 Rxd6 23. Rfd1 Rb6 24. Rd2 Bf6 25. Rxb6 axb6 26. Bxb7 c4 27. Rd6 Kg7
28. Rxb6 c3 29. Ne1 Bf5 30. Rb4 Be7 31. Rc4 Bxa3 32. Rxc3 Bb4 33. Rc1 Bxe1 34.
Rxe1 Be6 35. Rd1 Nd7 36. Bc8 Nc5 37. Rc1 Bxc8 38. Rxc5 Be6 39. Kg2 Kf6 40. Kg3
Bf5 41. Rb5 Be6 42. Rb8 h5 43. h4 Kg7 44. Kf4 Kf6 45. Rb6 Kg7 46. Ke5 Bc4 47.
Kd6 Kf6 48. Rb4 Be6 49. Rb5 Bf5 50. f4 Be6 51. Ra5 Bf5 52. Kd5 Bh3 53. Ke4 Bg2+
54. Ke3 Bh3 55. Ra6+ Kf5 56. Kf3 Bg4+ 57. Kg3 Be2 58. Rd6 Bg4 59. Rc6 Be2 60.
Rc7 Kf6 61. f5 gxf5 62. Kf4 Kg6 63. Rc6+ f6 64. Rc7 Bg4 65. Ra7 Kh6 66. Ke3 Kg6
67. Rc7 Kh6 68. Rc4 Kg6 69. Rf4 Kf7 70. Rf2 Ke6 71. Ra2 1/2-1/2

[Event "Olimpiade 2014 - Open"]
[Site "Tromsø"]
[Date "14.08.2014"]
[Round "11.36"]
[Board "3"]
[White "Isaev, Jamshed"]
[Black "AlHuwar, Jasem"]
[Result "1/2-1/2"]
[WhiteTitle "IM"]
[BlackTitle "FM"]
[WhiteElo "2337"]
[BlackElo "2277"]
[WhiteTeam "Tajikistan"]
[BlackTeam "United Arab Emirates"]
[WhiteFideId "14700050"]
[BlackFideId "9300465"]
[EventDate "2014.08.02"]

1. d4 g6 2. e4 Bg7 3. Nc3 d6 4. Bc4 c6 5. Qf3 e6 6. Bf4 Qe7 7. Qg3 e5 8. Bg5 Nf6
9. dxe5 dxe5 10. O-O-O h6 11. Bxf6 Bxf6 12. Nf3 a6 13. Rd2 b5 14. Bb3 Ra7 15. a4
Rd7 16. axb5 axb5 17. h4 Na6 18. Rxd7 Bxd7 19. Nd2 Nc5 20. Ba2 g5 21. hxg5 Bxg5
22. Qf3 Ne6 23. Nd1 Nd4 24. Qd3 c5 25. c3 c4 26. Qf1 Ne6 27. Ne3 Nc5 28. Kc2 Bc6
29. Nd5 Bxd5 30. exd5 Qa7 31. Nf3 Qxa2 32. Nxg5 Qb3+ 33. Kb1 Nd3 34. Qe2 f6 35.
Ne6 Rh7 36. Nd4 Qxb2+ 37. Qxb2 Nxb2 38. Nxb5 Na4 39. Kc2 Kd8 40. Nd6 Nb6 41. Rb1
Nxd5 42. Nxc4 Kc7 43. Ra1 Kb8 44. Nd6 Rd7 45. Rb1+ Kc7 46. Nf5 h5 47. g3 Nb6 48.
Ne3 Kc6 49. Rh1 Rh7 50. Rh4 Ra7 51. Nd1 Ra1 52. Rxh5 Ra2+ 53. Kd3 Nd7 54. Rf5
Kd6 55. Kc4 Rd2 56. Ne3 Ke6 57. g4 Nb6+ 58. Kb5 Nc8 59. Nc4 Rd3 60. Rh5 Rxc3 61.
g5 fxg5 62. Rxg5 Nd6+ 63. Nxd6 Kxd6 64. Rf5 Ke6 65. Rf8 Kd5 66. Kb4 Rc7 67. Kb3
Ke4 68. Rf6 Kd5 69. Rf8 e4 70. Rd8+ Ke5 71. Re8+ Kf5 72. Rf8+ Kg4 73. Re8 Kf3
74. Rf8+ Ke2 75. Re8 Kf3 76. Rf8+ Ke2 77. Re8 Kxf2 1/2-1/2

[Event "Olimpiade 2014 - Open"]
[Site "Tromsø"]
[Date "14.08.2014"]
[Round "11.36"]
[Board "4"]
[White "Khouri, Ibrahim Mohamed"]
[Black "Kabilov, Amin"]
[Result "0-1"]
[WhiteTitle "FM"]
[WhiteElo "2225"]
[BlackElo "2181"]
[WhiteTeam "United Arab Emirates"]
[BlackTeam "Tajikistan"]
[WhiteFideId "9301526"]
[BlackFideId "14700859"]
[EventDate "2014.08.02"]

1. e4 g6 2. d4 Bg7 3. Nc3 c6 4. f4 d5 5. e5 f6 6. Nf3 Nh6 7. Be3 Bg4 8. h3 Bxf3
9. Qxf3 O-O 10. exf6 exf6 11. g4 f5 12. O-O-O b5 13. Bd3 Na6 14. Kb1 Nb4 15. Ne2
Rb8 16. Nc1 Qc8 17. Rdg1 Re8 18. g5 Nf7 19. Nb3 Qa6 20. Nc1 Nd6 21. c3 Nxd3 22.
Nxd3 b4 23. Nc5 Qc4 24. cxb4 Rxb4 25. Rc1 Qb5 26. b3 Nc4 27. Rxc4 Rxc4 28. Qf2 0-1

[Event "Olimpiade 2014 - Open"]
[Site "Tromsø"]
[Date "14.08.2014"]
[Round "11.37"]
[Board "1"]
[White "Nanjo, Ryosuke"]
[Black "Djukic, Nikola"]
[Result "1-0"]
[WhiteTitle "CM"]
[BlackTitle "GM"]
[WhiteElo "2344"]
[BlackElo "2521"]
[WhiteTeam "Japan"]
[BlackTeam "Montenegro"]
[WhiteFideId "7000634"]
[BlackFideId "922412"]
[EventDate "2014.08.02"]

1. e4 c5 2. Nf3 Nc6 3. d4 cxd4 4. Nxd4 Qc7 5. Nc3 e6 6. Be3 a6 7. Qd2 Nf6 8. f3
Ne5 9. O-O-O Bb4 10. Nb3 b5 11. Qe1 Be7 12. f4 Ng6 13. e5 Ng4 14. Ne4 Nxe3 15.
Qxe3 O-O 16. h4 Bb7 17. Bd3 f5 18. exf6 gxf6 19. Rhf1 f5 20. Nec5 Bd5 21. g4 Bd6
22. Kb1 Bxf4 23. Qe2 Rf7 24. gxf5 exf5 25. h5 Nf8 26. Bxb5 axb5 27. Rxd5 Qc6 28.
Qf3 Be3 29. Nd3 f4 30. Rg5+ Rg7 31. Rxg7+ Kxg7 32. Qg4+ Kh8 33. Nxf4 Rc8 34. Qe2
Qc4 35. Nd3 Bh6 36. Qg2 d6 37. Na5 Qc7 38. Nb3 Qe7 39. Nd4 Nd7 40. Nf5 Qf6 41.
Nxh6 Qxh6 42. Qb7 Rd8 43. Qxb5 Qg7 44. Qd5 Nf6 45. Qf3 Nd7 46. Qe3 Nf6 47. h6
Qg6 48. Qe7 1-0

[Event "Olimpiade 2014 - Open"]
[Site "Tromsø"]
[Date "14.08.2014"]
[Round "11.37"]
[Board "2"]
[White "Blagojevic, Dragisa"]
[Black "Kojima, Shinya"]
[Result "1-0"]
[WhiteTitle "GM"]
[BlackTitle "FM"]
[WhiteElo "2505"]
[BlackElo "2373"]
[WhiteTeam "Montenegro"]
[BlackTeam "Japan"]
[WhiteFideId "900885"]
[BlackFideId "7000812"]
[EventDate "2014.08.02"]

1. d4 d5 2. c4 c6 3. Nc3 Nf6 4. e3 a6 5. Qc2 e6 6. Nf3 c5 7. cxd5 exd5 8. Be2
Be6 9. O-O Nc6 10. Ne5 Rc8 11. Rd1 cxd4 12. exd4 Be7 13. Bg5 O-O 14. Rac1 h6 15.
Be3 Qa5 16. a3 Ne4 17. Nc4 dxc4 18. Qxe4 Bf5 19. Qf3 Bd3 20. Bxd3 cxd3 21. Rxd3
Rfd8 22. Rcd1 Bf6 23. b4 Qxa3 24. Nd5 Qa2 25. Nxf6+ gxf6 26. Bxh6 Kh7 27. Qf5+
Kxh6 28. Qxf6+ 1-0

[Event "Olimpiade 2014 - Open"]
[Site "Tromsø"]
[Date "14.08.2014"]
[Round "11.37"]
[Board "3"]
[White "Watanabe, Akira"]
[Black "Kosic, Dragan"]
[Result "0-1"]
[WhiteTitle "FM"]
[BlackTitle "GM"]
[WhiteElo "2252"]
[BlackElo "2486"]
[WhiteTeam "Japan"]
[BlackTeam "Montenegro"]
[WhiteFideId "7000227"]
[BlackFideId "900290"]
[EventDate "2014.08.02"]

1. d4 Nf6 2. c4 e6 3. Nc3 Bb4 4. e3 c5 5. Bd3 Nc6 6. Ne2 cxd4 7. exd4 d5 8. cxd5
Nxd5 9. O-O O-O 10. Bc2 Bd6 11. a3 Nxc3 12. bxc3 e5 13. d5 Na5 14. f4 exf4 15.
Bxf4 b6 16. Qd3 g6 17. Qg3 Bc5+ 18. Kh1 Ba6 19. Rfe1 Qxd5 20. Nd4 Rfe8 21. Nf5
Be2 22. Qg5 Qd8 23. Nh6+ Kf8 24. Qg3 Qf6 25. Rf1 Bxf1 26. Rxf1 Re3 27. Qf2 Re7
28. Qf3 Rd8 29. Ng4 Qc6 30. Bh6+ Kg8 31. Be4 Qe6 32. Bg5 f5 33. Bd5 Rxd5 34.
Nf6+ Kg7 35. Nxd5 Rf7 36. Nf4 Qe4 37. Qh3 Kg8 38. Nd3 Qg4 39. Qxg4 fxg4 40. Rxf7
Kxf7 41. Nxc5 bxc5 42. Be3 Nb7 43. Kg1 Ke6 44. Kf2 Kd5 45. Kg3 Ke4 46. Bh6 Kf5
47. Kf2 Nd6 48. Bf8 Ne4+ 49. Ke3 Nxc3 50. Bxc5 a6 51. Kd3 Nd5 52. g3 h5 53. Kd4
Nf6 54. Kc4 Ne4 55. Be3 g5 56. Kb4 h4 57. Ka5 h3 58. Bg1 Nc3 59. Kxa6 Ke4 60.
Ka5 Nb1 61. a4 Nc3 0-1